Půl století mezinárodního měnového fondu
50-ročná história Medzinárodného menového fondu (MMF). Ciele MMF. MMF v období pred rozpadom brettonwoodského systému. Obdobie pohyblivých výmenných kurzov. Dlhová kríza v 80. rokoch. MMF a reformy v bývalých plánovaných ekonomikách.
Salvato in:
| Autore principale: | |
|---|---|
| Natura: | Capitolo di libro |
| Lingua: | ceco |
| Soggetti: | |
| Tags: |
Nessun Tag, puoi essere il primo ad aggiungerne!!
|
MARC
| LEADER | 00000naa a2200000 4500 | ||
|---|---|---|---|
| 001 | r015455 | ||
| 005 | 20230221120932.2 | ||
| 041 | 0 | |a cze | |
| 044 | |a CZ | ||
| 245 | 1 | 0 | |a Půl století mezinárodního měnového fondu |c Jiří Jonáš |
| 520 | |a 50-ročná história Medzinárodného menového fondu (MMF). Ciele MMF. MMF v období pred rozpadom brettonwoodského systému. Obdobie pohyblivých výmenných kurzov. Dlhová kríza v 80. rokoch. MMF a reformy v bývalých plánovaných ekonomikách. | ||
| 610 | 2 | 0 | |a Medzinárodný menový fond |
| 610 | 2 | 0 | |a história |
| 610 | 2 | 0 | |a kurz výmenný pohyblivý |
| 610 | 2 | 0 | |a pôžičky zahraničné |
| 610 | 2 | 0 | |a dlhy |
| 610 | 2 | 0 | |a pomoc finančná |
| 610 | 2 | 0 | |a východná Európa |
| 610 | 2 | 0 | |a stredná Európa |
| 100 | 1 | |a Jonáš, Jiří | |